Person-centered recovery planner for adults with serious mental illness / (Record no. 601076)

000 -LEADER
fixed length control field 00421nam a2200121Ia 4500
008 - FIXED-LENGTH DATA ELEMENTS--GENERAL INFORMATION
fixed length control field 230907s9999||||xx |||||||||||||| ||und||
082 ## - DEWEY DECIMAL CLASSIFICATION NUMBER
Classification number 616.89
Author Mark DUL
100 ## - MAIN ENTRY--PERSONAL NAME
Personal name Dulmus, Catherine N.
9 (RLIN) 116109
245 #0 - TITLE STATEMENT
Title Person-centered recovery planner for adults with serious mental illness /
300 ## - PHYSICAL DESCRIPTION
Extent x,181 pages ;
650 ## - SUBJECT ADDED ENTRY--TOPICAL TERM
Topical term or geographic name entry element Handbooks, manuals, etc. Handbooks, manuals, etc. Handbooks, manuals, etc.
9 (RLIN) 115443
942 ## - ADDED ENTRY ELEMENTS (KOHA)
Koha item type Book
Holdings
Withdrawn status Lost status Damaged status Not for loan Permanent Location Current Location Date acquired Total Checkouts Full call number Barcode Date last seen Price effective from Koha item type
        US-Pakistan Center for Advanced Studies in Energy (USPCAS-E) US-Pakistan Center for Advanced Studies in Energy (USPCAS-E) 11/19/2019   616.89 DUL CAS-E0005175 09/12/2023 09/12/2023 Book
© 2023 Central Library, National University of Sciences and Technology. All Rights Reserved.